| 000 | nam a22 a 4500 | ||
|---|---|---|---|
| 999 |
_c424523 _d424523 |
||
| 003 | BLK | ||
| 005 | 20230506024441.0 | ||
| 008 | 200316b bul|||||r ||||||| ||bul|| | ||
| 040 | _aBLK | ||
| 041 |
_aBUL _cBUL |
||
| 080 |
_aАнглийска литература _b821.111 _x-93-31 _z821.111-93-31 |
||
| 100 |
_aРид, Томас Майн _d1818-1883 _9365222 |
||
| 139 | _aРид, Томас Майн | ||
| 245 | 1 | 0 |
_aБоерската разходка _bРоман _cТомас Майн Рид; С картини от Риу; прев. от рус. Д. Попов |
| 257 | _aBGR | ||
| 260 |
_aТърново _bкниж. Е. П. Христов _c1898 _fВарна : Зора _9217487 |
||
| 300 |
_a180 с. _bс ил. _c20 см |
||
| 380 | _aX | ||
| 490 |
_9435080 _aКолекция Редки и ценни издания |
||
| 500 | _aПълното име на прев. Д. Попов. Цена 1.30 лв. | ||
| 700 |
_aРиу, Едуар _eхудож. _9370688 |
||
| 700 |
_aПопов, Д. _eпрев. от рус. _91121 |
||
| 852 |
_aРб 898 _bРц |
||
| 856 | 4 |
_qpdf _u |
|
| 856 | 4 |
_qpdf _u |
|
| 942 |
_cKNG _n0 _s1 |
||
| 944 |
_aCR _c2021-07-21 _kМикаела Микова-Илиева |
||
| 999 | _d523286 | ||